000 00346nam a2200145Ia 4500
005 20250409181143.0
008 250409s9999||||xx |||||||||||||| ||und||
020 _a81-264-0000-5
100 _aCHAUCER GEOFFREY
245 0 _aCANTERBURY KADHAKAL
260 _bD C BOOKS
_aKOTTAYAM
300 _a94
650 _vMalayalam Fiction
942 _cBOOK
999 _c10833
_d10833